Дело о поднесении высочайшим особам разных изданий

Доступно только в Электронных читальных залах Найти на картеНа карте
RUSMARC
00005170nmc2a22000003x 450
00168153c34-c842-4233-a33d-2f51c45c7163
00520250610161800.0
100##$a20180118l19151915k l0rusy0189 ca
1010#$arus
102##$aRU
2001#$aДело о поднесении высочайшим особам разных изданий
$j3 февраля - 29 августа 1915 г.
251##$cДело
300##$aДело
801#0$aRU
$bРГИА
$c20180118
$gRCR
801#1$aRU
$bГлавНИВЦ
$c20180118
$2rusmarc
801#2$aRU
$bПБ им. Б.Н. Ельцина
$c20200122
$gRCR
$2rusmarc
850##$aРГИА
852##$aРГИА
$eФедеральное казенное учреждение "Российский государственный исторический архив" (РГИА)
$j345
937##$hРГИА
$d12226344
$aASBIBLIO_SCAN
462#0$100146c96731-af2d-49ce-8199-721d162b0637
$12001
$aДела по ученым учреждениям и высшим учебным заведениям Департамента народного просвещения за 1915-1917 годы
$1251
$cОпись
$1852
$j156
461#0$1001a74412a3-3cc5-4d21-8f0a-dfe2fbd9e72d
$12001
$aДепартамент народного просвещения Министерства народного просвещения (1803-1917)
$1251
$cФонд
$1852
$j733
215##$a40 л.
$d36,5х26 см
371##$aДокумент не является опубликованным и широко распространяемым
105##$ay###
1222#$ad
035##$a68153c34-c842-4233-a33d-2f51c45c7163
856##$uhttp://readingroom.main.prlib.ru/item.aspx?id_node=n137395697&mode=full
605##$2acquisition_Prlib
$3DITM\AF\0000002775
$aВласть
$lколлекция
605##$aДом Романовых
$lколлекция
$2acquisition_Prlib
$3LIBNET\UAF\0000008152
605##$aИстория образования в России
$lколлекция
$2acquisition_Prlib
$3LIBNET\UAF\0000107109
686##$a63.3(2)53-3ю11
$2rubbk
$vLBC/M
6061#$2nlr_sh
$3RU\NLR\AUTH\661536773
$aВысшие учебные заведения
$xИстория
$yРоссия
$jДокументы и материалы
602##$2nlr_sh
$3RU\NLR\AUTH\66963051
$aРомановы (династия)
$f1613 - 1917
$jДокументы и материалы
Формат отображения